000 00458nam a2200157Ia 4500
005 20241111155245.0
008 240126s9999 xx 000 0 und d
020 _a9781484291061
082 _a004.21 KOR;1 R
100 _aKore, Akshay.
245 0 _aDesigning human-centric AI experiences : applied UX design for artificial intelligence
260 _bApress Media
_aNew York
_c2022
300 _axxiii, 468
440 _aDesign thinking
942 _cPU
999 _c296049
_d296049